01636nam a2200373 a 450000100060000000300080000600500170001400600190003100700150005000800410006502000180010603500230012403500240014703500250017103500220019604000260021805000270024408000120027108200210028310000300030424501690033425000110050326001930051430000190070750400550072653301640078165000690094565000700101465000350108465000350111965500270115471000190118185600620120023803FlNmELB20241216214121.0m o d | cr cn|||||||||130619s2002 mx b sb 000 0dspa d z9789686255799 a(MiAaPQ)EBC3212621 a(Au-PeEL)EBL3212621 a(CaPaEBR)ebr10721812 a(OCoLC)1105902114 aFlNmELBbspacFlNmELB 4aF1391.A353b.G633 2002 a308(72)04a972/.42004612231 aGómez Serrano, Jesús.14aLos españoles en Aguascalientes durante la época colonialh[recurso electronico] :borigen, desarrollo e influencia de una minoría /cJesús Gómez Serrano. a1. ed. aZapopan, Jalisco [Mexico] :bColegio de Jalisco ;aMéxico, D.F. :bFomento Cultural Banamex ;aAguascalientes, Aguascalientes [Mexico] :bUniversidad Autónoma de Aguascalientes,c2002. a293 p. :bmap. aIncluye referencias bibliográficas (p. 283-293). aRecurso electrónico. Santa Fe, Arg.: e-libro, 2015. Disponible vía World Wide Web. El acceso puede estar limitado para las bibliotecas afiliadas a e-libro. 0aSpaniardszMexicozAguascalientes RegionxHistoryy18th century. 0aImmigrantszMexicozAguascalientes RegionxHistoryy18th century. 4aEspañoleszMexicoxHistoria. 4aInmigranteszMexicoxHistoria. 4aLibros electrónicos.2 ae-libro, Corp.40uhttps://elibro.net/ereader/politecnicointernacional/72573